Chiens : De quel pays sont originaires ces races ? 2 - Statistiques

Statistiques générales
  • Ce quiz a été pris 14 fois
  • Le résultat moyen est 6 sur 50
Statistiques - réponses
Hint Explanation Réponse % Correct
Dobermann Allemagne
62%
Pitbull Etats-Unis
46%
Leonberg Allemagne
38%
Affenpinscher Griffon singe Allemagne
31%
Boxer Allemagne
31%
Shar-Peï Chien de combat Chine
31%
Perro de aqua Chien d'eau Espagne
31%
Griffon Korthals France
31%
Beagle Royaume-Uni
31%
Terre-Neuve Newfie Canada
23%
Puli Chien d'eau hongrois Hongrie
23%
Deerhound Lévrier anglais Royaume-Uni
23%
Chow chow Choo Chine
15%
Dalmatien Croatie
15%
Tamaskan Finlande
15%
Labrit France
15%
Greyster Norvège
15%
Bedlington terrier Royaume-Uni
15%
Bohemian Spotted dog Tchéquie
15%
Ca de Bou Dogue de Majorque Espagne
8%
Cockapoo Etats-Unis
8%
Komondor Chien de berger hongrois Hongrie
8%
Segugio Maremmano Italie
8%
Aïnou Hokkaïdo Ken Japon
8%
Podhale Pologne
8%
Alabai Berger d'asie centrale Russie
8%
Slovenský Kopov Chien courant slovaque Slovaquie
8%
Jamthund Chien d'élan Suède
8%
Prazsky Krysarik Ratier de Prague Tchéquie
8%
Chien d'Oysel Chien de caille Allemagne
0%
Tenterfield Terrier Australie
0%
Tiroler Bracke Brachet tyrolien Autriche
0%
Saint-Hubert Bloodhound Belgique
0%
Labernois Boulab Canada
0%
Dhoki-Apso Terrier du Tibet Chine
0%
Carlin Pug Chine
0%
Broholmer Danemark
0%
Borkie Etats-Unis
0%
Kyi-Leo Etats-Unis
0%
Schichon Chacy Ranior Etats-Unis
0%
Chien d'ours de Carélie Karjalankarhukoira Finlande
0%
Kerry Beagle Pocadan Irlande
0%
Dunker Chien courant norvégien Norvège
0%
Lundehund Chien de macareux Norvège
0%
Chien loup de Saarloos Pays-Bas
0%
Berger de Mioritza Roumanie
0%
Carpatin Chien de berger Roumanie
0%
Yuzhak Berger de russie méridionale Russie
0%
Samoyède Russie
0%
Schillerstovare Chien courant de Schiller Suède
0%
Aucun quiz correspondant
Distribution des résultats
% des personnes avec chaque résultat
Percentile par nombre de réponses
Votre historique - résultats
Vous n’avez pas pris ce quiz